Embarrassing chapters in Irish history - Statistics

General Stats
  • This quiz has been taken 351 times
  • The average score is 6 of 19
Answer Stats
Hint Answer % Correct
Though never technically banned, this masterpiece by James Joyce is not sold in Ireland due to strict censorship laws. Ulysses
52%
Irish dignitaries lay out the red carpet for this Russian leader who doesn't make it off the plane. Boris Yeltsin
46%
This WW2 era leader signs Hitler's book of condolences in order to maintain Ireland's symbolic neutrality. Eamon de Valera
46%
This firebrand preacher denounces Pope John Paul II as anti-Christ when he addresses the European parliament. Ian Paisley
44%
Divorce does not become legal in Ireland until a referendum in what year? Even then it only passes by less than one percent. 1995
37%
In 2014 the mayor of Dublin claims his constituents have asked Obama to intervene after the controversial cancellation of concerts involving this country star. Garth Brooks
37%
This future Taoiseach, at the time a cabinet minister, allegedly attempts to import arms for the IRA in 1970 Charles Haughey
33%
The Irish government receives a congratulatory message from this American group after new citizenship laws are passed in 2004. Ku Klux Klan
33%
Eoin O'Duffy leads this short-lived fascist group. Blueshirts
31%
A controlled explosion carried out by the Irish Army causes more damage than the explosion caused by the IRA when they destroyed this monument in Dublin's O'Connell Street. Nelson's Pillar
30%
Riots break out at the Abbey Theatre after the word 'shift' is uttered during the opening night of this play by JM Synge. Playboy of the western world
29%
In the 2004 Olympics, this Show Jumper is stripped of a gold medal after his horse is found to have taken performance enhancing drugs. Cian O'Connor
27%
The collapse of this bank is one of the major factors that causes economic catastrophe in Ireland leading to an international bailout in 2010. Anglo-Irish
25%
This type of expression is banned in Ireland in 2009, although the ban has not yet been enforced. Blasphemy
21%
The IRA kill 11 and injure 63 when it bombed the Remembrance Sunday commemoration in this Northern Irish town. Enniskillen
20%
A 'second civil war' breaks out as Irish sports fans take sides after Roy Keane argues with Mick McCarthy during Ireland's World Cup preparations on what island? Saipan
19%
This tribunal discovers huge levels of political corruption,contributing to the resignation of Taoiseach Bertie Ahern Mahon Tribunal
17%
Thousands protest Ireland's abortion laws after this Indian dentist is refused an abortion and subsequently loses her life. Savita Halappanavar
17%
And again after this play by Sean O'Casey opened in 1926. The plough and the stars
12%
No matching quizzes found
Score Distribution
Percent of People with Each Score
Percentile by Number Answered
Your Score History
You have not taken this quiz